00844nam a2200253 a 450000100060000000300060000600500170001200800410002903500180007003500190008804000320010704100080013908200200014709000160016710000380018324500740022126000380029530000200033350400260035360000420037994200120042199900170043395201400045019849UkOxU20211209000503.0140225s1939 enk b 000 0 eng d aBD-RjUL)19910 a(OCoLC)2599907 aCSUdCSUdm.cbengcBD-RjUL aeng04a821.4bWAR 1939 aPR3386b.W31 aWarren, Austin,d1899-198695380910aRichard Crashaw :ba study in baroque sensibility /cby Austin Warren aLondon :bFaber and Faber,cc1939 a255 p. ;c21 cm aIncludes bibliography10aCrashaw, Richard,d1613?-1649.960451 2ddccBK c19849d19849 00102ddc40718FICaRUCLbRUCLcReadingd1965-05-03eZeithlinger.g25.00l0o821.4 WAR 1939r2014-02-25 00:00:00tC-1w2014-02-25yBK